Third international conference on platelet-activating factor and structurally related alkyl ether lipids : May 8-12, 1989, Tokyo, Japan

Saved in:
Bibliographic Details
Corporate Authors: International Conference on Platelet-Activating Factor and Structurally Related Alkyl Ether Lipids : Tokyo, The Pharmaceutical Society of Japan, Foundation for Advancement of International Science, Japanese Society of Allergology
Format: Conference Proceeding Book
Language:English
Published: [s.l.] : [s.n.], [1989]
Subjects:
Tags: Add Tag
No Tags, Be the first to tag this record!

MARC

LEADER 00000cam a2200000 i 4500
001 1/10296
008 000831q1989 eng d
035 |l 10063385 
040 |a GR-MY-UA  |b gre  |e aacr 
041 0 |a eng 
082 0 |a 612.117 
111 2 |a International Conference on Platelet-Activating Factor and Structurally Related Alkyl Ether Lipids  |n (3rd  |d : 1989  |c : Tokyo) 
245 1 0 |a Third international conference on platelet-activating factor and structurally related alkyl ether lipids :  |b May 8-12, 1989, Tokyo, Japan /  |c sponsored by The Pharmaceutical Society of Japan, Foundation for Advancement of International Science ; in cooperation with Japanese Society of Allergology... [et al.] 
260 |a [s.l.] :   |b [s.n.],   |c [1989] 
300 |a 238 p. 
650 0 0 |a Platelet activating factor  |x Congresses. 
650 0 0 |a Biochemistry  |x Congresses. 
710 2 |a The Pharmaceutical Society of Japan. 
710 2 |a Foundation for Advancement of International Science. 
710 2 |a Japanese Society of Allergology. 
852 |a INST  |b LESVOS  |e 20000831  |h 612.117 INT  |p 005100029191  |q 005100029191  |t BK  |y 0 
901 |a BIBL1-2000-2 
909 |a Λ  |b 072920 
970 |z 2000/08/ΣΟΦΙΑ